Culture G - Statistiques

Statistiques générales
  • Ce quiz a été pris 100 fois
    69 depuis la dernière actualisation
  • Le résultat moyen est 11 sur 20
Statistiques - réponses
Hint Réponse % Correct
De quel pays Oslo est elle la capitale Norvège
89%
Quel est l'ancien nom de Paris Lutèce
88%
Quel est la religion majoritaire en Malaisie L'islam
86%
Quelle est la marque de voiture la plus vendue en France en 2023 Renault
82%
Sous quel nom est plus connu Jean Baptiste Poquelin Molière
77%
Combien de départements compte la France 101
70%
L'équipe de France de quel sport est surnommé : "Les experts" Handball
65%
Quel roman de Stendhal est sous titré : chronique de 1830 Le Rouge et le Noir
65%
Quel français detenait le record du monde de saut à la perche de 2014 à 2020 Renaud Lavillenie
60%
Quel est la sport national du Japon Le sumo
54%
Quel streamer est à l'initiative de l'évènement : Zevent Zerator
54%
Quel est le jeu vidéo le plus vendu de tous les temps Minecraft
51%
Quel peintre a peint le tableau qui a donné son nom au mouvement de l'impressionnisme Claude Monet
49%
Quel jour tombe l'épiphanie 6 janvier
46%
Quel est l'élément chimique le plus abondant dans l'univers Hydrogène
46%
Quand à débuter la 1ère République française 1792
42%
Citer un pays doublement enclavé Liechtenstein
30%
Dans quel dimension de tous les possible est envoyé Néo en avalant la pilule rouge La matrice
26%
Citer un pays qui ne possède, dans son drapeau, ni blanc, ni bleu, ni rouge Jamaïque
21%
Quel jour symbolique choisit Napoléon III pour faire son coup d'état, en référence à son oncle 2 décembre
12%
Aucun quiz correspondant
Distribution des résultats
% des personnes avec chaque résultat
Percentile par nombre de réponses
Votre historique - résultats
Vous n’avez pas pris ce quiz depuis la dernière actualisation